Función social del sindicalismo
Gorde:
| Egile nagusia: | |
|---|---|
| Formatua: | Liburua |
| Hizkuntza: | gaztelania |
| Argitaratua: |
Buenos Aires
Vea y Lea
1964
|
| Saila: | Biblioteca de Estudios Sindicales, 1
|
| Gaiak: | |
| Etiketak: |
Etiketa erantsi
Etiketarik gabe, Izan zaitez lehena erregistro honi etiketa jartzen!
|
MARC
| LEADER | 00000nam a2200000 a 4500 | ||
|---|---|---|---|
| 001 | UCV1715 | ||
| 003 | CL-VaPUC | ||
| 008 | 901113e19640000AG |||||||||||||||||spa|d | ||
| 082 | 0 | 4 | |a 331.8 |b FIT |2 21 |
| 100 | 0 | |a Fitch, John A |e author |9 295955 | |
| 245 | 1 | 0 | |a Función social del sindicalismo |
| 300 | |a 294 p | ||
| 942 | |c BK | ||
| 945 | |d 19901113 00:00:00 | ||
| 260 | |a Buenos Aires |b Vea y Lea |c 1964 | ||
| 650 | 7 | |a SINDICALISMO |2 CL-VaPUC |9 295956 | |
| 650 | 0 | |a Sindicatos |9 255034 | |
| 583 | |a last modification |c 19901113 00:00:00 |k Rodrigo Vera | ||
| 490 | 0 | |a Biblioteca de Estudios Sindicales, 1 | |
| 999 | |c 209568 |d 209566 | ||
| 952 | |0 0 |1 0 |4 0 |6 331_800000000000000_FIT_1964 |7 0 |8 A |9 185055 |a BIBDER |b BIBDER |d 2019-11-14 |i 2524368 |o 331.8 FIT 1964 |p 2524368 |r 2023-01-25 |w 2019-11-14 |y BK |k DER | ||
| 952 | |0 0 |1 0 |4 0 |6 331_800000000000000_FIT_1964 |7 0 |8 A |9 185056 |a BIBENE |b BIBENE |d 2019-11-14 |i 1983644 |o 331.8 FIT 1964 |p 1983644 |r 2025-01-15 |w 2019-11-14 |y BK |k ICO | ||